000 00794nab a2200241 u 4500
001 16263
003 HDC
007 cr bn ---aaaaa
008 210220c20120523xx dr|noo 0 a eng d
040 _aHDC
245 0 _aOpinion: If it is not ethical, can it really be Halal?
260 _a[No place] :
_b[publisher not identified],
_c2012
336 _atext
_2rdacontent
337 _acomputer
_2rdamedia
338 _aonline resource
_2rdacarrier
650 _aGlobal halal sector
_916129
650 _aHalal Integrity
_91026
710 _aHalal Focus
856 _zRequest full-text at [email protected]
942 _2lcc
942 _cNEWS
942 _kNWSO 005667
999 _c13579
_d13579